000 00850pam a2200289 a 4500
999 _c529209
_d529209
001 1305724
003 Nust
005 20190923102003.0
008 820607r19831935nyuaf b 001 0 eng
010 _a 77086434
020 _a9789693512700
038 _aMSOHAIL
040 _aDLC
_cDLC
_dDLC
043 _aa-pk---
_aa-ii---
050 0 0 _aDS425
_b.M22 1983
082 0 0 _a0
100 1 _aMackay, Ernest John Henry,
_d1880-1943.
_921056
245 1 4 _aThe Indus Civilization.
260 _aLahore :
_bSang-e-Mill,
_c2001.
300 _aviii, 210 p.,
_bill. ;
_c19 cm.
500 _aReprint. Originally published: London : L. Dickson and Thompson, 1935.
500 _aIncludes index.
504 _aBibliography: p. [203].
650 0 _aIndus civilization.
_96651
906 _a7
_bcbc
_corignew
_d1
_eopcn
_f19
_gy-gencatlg
942 _2ddc
_cBK